000 00525nam a2200217Ia 4500
003 OSt
005 20220928141524.0
006 a|||||r|||| 00| 0
007 ta
008 220927b |||||||| |||| 00| 0 eng d
024 _a15732
037 _cTextual
040 _aSDCL
_cSDCL
_beng
041 _2eng
_aeng
082 _aO13:g(Y:1), H3
100 _aHamilton Edith
_9500729
245 0 _aGreek way.
260 _c1943
942 _hO13:g(Y:1), H3
_cTEXL
_2CC
999 _c818118
_d818118